Paradox

Αποθηκεύτηκε σε:
Λεπτομέρειες βιβλιογραφικής εγγραφής
Κύριος συγγραφέας: Olin, Doris 1943-
Μορφή: Βιβλίο
Γλώσσα:English
Δημοσίευση: Chesham, Bucks : Acumen, c2003.
Σειρά:Central problems of philosophy
Θέματα:
Ετικέτες: Προσθήκη ετικέτας
Δεν υπάρχουν, Καταχωρήστε ετικέτα πρώτοι!

MARC

LEADER 00000cam a2200000 i 4500
001 1/25620
008 130207s2003 enk| ||| |||| ||eng||
020 |a 190268382X (pbk.) 
035 |l 10113677 
040 |a GR-MyUA  |b gre  |e AACR2 
041 0 |a eng 
082 0 |a 165  |2 (22) 
100 1 |a Olin, Doris  |d 1943- 
245 1 0 |a Paradox /   |c Doris Olin.  
260 |a Chesham, Bucks :   |b Acumen,   |c c2003.  
300 |a x, 222 σ. ;   |c 20 εκ.  
490 1 |a (Central problems of philosophy)  
504 |a Βιβλιογραφία: σ. [213]-218. Ευρετήριο.  
650 0 0 |a Paradox. 
650 0 0 |a Logic. 
767 0 8 |i Μεταφρασμένο ως:   |t Το παράδοξο /  
830 0 |a Central problems of philosophy 
852 |a INST  |b SYROS  |e 20130207  |h 165 OLI  |p 005500010535  |q 005500010535  |t BK  |y 0 
901 |a BIBL5-2013-1 
909 |a Ε  |b 174049 
970 |a ΚΟΝΤΟΥ  |b ΠΑΡΑΣΚΕΥΗ  |z 2013/02/07